| 000 | 00979cab a2200217 4500 | ||
|---|---|---|---|
| 001 | ##L131190 | ||
| 008 | 051005n2005 000 0 eng u | ||
| 035 | _a(Sirsi) u131190 | ||
| 041 | 0 | _aeng | |
| 100 | 1 | _aScott, Lucy | |
| 245 | 0 | 0 |
_aFocus _bCzech Republic, Poland and Hungary |
| 260 | 3 | _c2005 | |
| 490 | 0 |
_aEstates Gazette _v(0539) 1 October 2005, 83-93(10) |
|
| 520 | _aCovers aspects of the commercial property investment market in middle and eastern Europe: international investors turn to Germany as rents fall and yields rise; foreign investment funds flock to catch the growing market opportunities, particularly in retail, to be found in Poland, the Czech Republic and Hungary; and longer-term investment in Bulgaria, Romania and Russia. | ||
| 590 | _aIKA111005 | ||
| 690 | _aPROPERTY-COMMERCIAL PROPERTY-COMMERCIAL PROPERTY FINANCE AND INVESTMENT | ||
| 700 | 1 | _aCunningham, Daniel | |
| 700 | 1 | _aKnutt, Elaine | |
| 700 | 1 | _aKivlehan, Noella Pio | |
| 942 | _n0 | ||
| 999 |
_c75981 _d75981 |
||